<?xml version="1.0" encoding="UTF-8"?>
<marc:record xmlns:marc="http://www.loc.gov/MARC21/slim">
   <marc:leader>00000nam a2200000 a 4500</marc:leader>
   <marc:datafield ind1="1" ind2=" " tag="100">
      <marc:subfield code="a">Hagen, Eberhard von</marc:subfield>
      <marc:subfield code="4">ctb</marc:subfield>
      <marc:subfield code="e">Mitwirkende/-r</marc:subfield>
   </marc:datafield>
   <marc:datafield ind1="1" ind2=" " tag="100">
      <marc:subfield code="a">Aichhorn, Ambros</marc:subfield>
      <marc:subfield code="4">ctb</marc:subfield>
      <marc:subfield code="e">Mitwirkende/-r</marc:subfield>
   </marc:datafield>
   <marc:datafield ind1="1" ind2=" " tag="100">
      <marc:subfield code="a">Slawik, Kristiana</marc:subfield>
      <marc:subfield code="4">ctb</marc:subfield>
      <marc:subfield code="e">Mitwirkende/-r</marc:subfield>
   </marc:datafield>
   <marc:datafield ind1=" " ind2=" " tag="653">
      <marc:subfield code="a">Hummeln</marc:subfield>
   </marc:datafield>
   <marc:datafield ind1=" " ind2=" " tag="653">
      <marc:subfield code="a">Artenschutz</marc:subfield>
   </marc:datafield>
   <marc:datafield ind1=" " ind2=" " tag="653">
      <marc:subfield code="a">Bienen</marc:subfield>
   </marc:datafield>
   <marc:datafield ind1=" " ind2=" " tag="653">
      <marc:subfield code="a">denen am Naturschutz</marc:subfield>
   </marc:datafield>
   <marc:datafield ind1=" " ind2=" " tag="653">
      <marc:subfield code="a">Erhalt der ökologischen Vielfalt und dem Schutz von Hummeln im Besonderen gelegen ist.</marc:subfield>
   </marc:datafield>
   <marc:datafield ind1=" " ind2=" " tag="653">
      <marc:subfield code="a">Softcover / Biologie/Zoologie</marc:subfield>
   </marc:datafield>
   <marc:datafield ind1=" " ind2=" " tag="653">
      <marc:subfield code="a">Bestimmungsbuch</marc:subfield>
   </marc:datafield>
   <marc:datafield ind1="0" ind2="0" tag="245">
      <marc:subfield code="a">Hummeln</marc:subfield>
   </marc:datafield>
   <marc:datafield ind1="0" ind2="0" tag="245">
      <marc:subfield code="b">bestimmen, ansiedeln, vermehren, schützen</marc:subfield>
   </marc:datafield>
   <marc:datafield ind1="0" ind2="0" tag="245">
      <marc:subfield code="c">Eberhard von Hagen ; Ambros Aichhorn. Angaben über die nur in den Alpen vorkommenden Hummelarten von Ambros Aichhorn. Mit Farbzeichn. von Kristina Slawik</marc:subfield>
   </marc:datafield>
   <marc:datafield ind1=" " ind2="1" tag="264">
      <marc:subfield code="a">Nottuln</marc:subfield>
      <marc:subfield code="b">Fauna-Verl.</marc:subfield>
      <marc:subfield code="c">2014</marc:subfield>
   </marc:datafield>
   <marc:datafield ind1=" " ind2=" " tag="250">
      <marc:subfield code="a">6., neu bearb. Aufl.</marc:subfield>
   </marc:datafield>
   <marc:datafield ind1="1" ind2=" " tag="520">
      <marc:subfield code="a">Angaben aus der Verlagsmeldung

Hummeln : bestimmen, ansiedeln, vermehren, schützen / von Eberhard von Hagen, Ambros Aichhorn

Im allgemeinen Teil dieser überarbeiteten und stark erweiterten 6. Auflage wird besonders auf die wirtschaftliche Bedeutung und die Gefährdung dieser Tiere durch den weiterhin zunehmenden Rückgang geeigneter Lebensräume eingegangen. Zweckmäßige und einfache Methoden zur An- und Umsiedelung von Hummeln in geeigneten Nistkästen werden umfassend und anschaulich erläutert.
Im speziellen Teil werden die Hummelarten Mitteleuropas in farbigen Illustrationen und Fotos dargestellt. Ein eigens entwickelter Bestimmungsschlüssel für lebende Tiere ermöglicht auch dem Laien eine hinreichend genaue Bestimmung der Arten im Feld. Neuere Erkenntnisse über die Biologie der Hummeln und ihre Interaktion mit anderen Tieren sind in dieser 6. Auflage hinzugekommen. Ein überarbeitetes Verzeichnis der wichtigsten Hummeltrachtpflanzen und ein aktualisierter Bezugsquellennachweis vervollständigen dieses Standardwerk über die Hummeln.
</marc:subfield>
   </marc:datafield>
   <marc:datafield ind1=" " ind2=" " tag="020">
      <marc:subfield code="a">9783935980326</marc:subfield>
      <marc:subfield code="9">9783935980326</marc:subfield>
   </marc:datafield>
   <marc:datafield ind1=" " ind2=" " tag="041">
      <marc:subfield code="a">ger</marc:subfield>
   </marc:datafield>
   <marc:datafield ind1=" " ind2=" " tag="300">
      <marc:subfield code="a">359 S.</marc:subfield>
   </marc:datafield>
</marc:record>
